| 000 | 00993nam a2200241 i 4500 | ||
|---|---|---|---|
| 001 | 130381 | ||
| 003 | ES-MaACL | ||
| 005 | 20250909230229.0 | ||
| 007 | t| | ||
| 008 | 070726s1980 ck ||||1| spa d | ||
| 100 | 1 |
_aZamora, Alonso de. _9117929 |
|
| 245 | 1 | 0 |
_aHistoria de la provincia de San Antonino del Nuevo Reino de Granada / _cFray Alonso de Zamora ; prólogo del Dr. Carraciolo Parra ; notas ilustrativas del mismo y del R.P. Fr. Andrés Mesanza. |
| 260 |
_a[Bogotá] : _bInstituto Colombiano de Cultura Hispánica, _c[1980] |
||
| 300 |
_a4 v. ; _c24 cm. |
||
| 610 | 2 | 4 |
_aDominicos- _zColombia. _9171649 |
| 651 | 4 |
_aColombia- _xHistoria- _y1499-1550, Descubrimiento y conquista. _9152427 |
|
| 651 | 4 |
_aColombia- _xHistoria- _y1550-1810, Época colonial. _9138428 |
|
| 700 | 1 |
_aParra-Pérez, C., _d1888-1963 _989252 |
|
| 700 | 1 |
_aMesanza, Andrés. _980647 |
|
| 710 | 2 |
_aInstituto Colombiano de Cultura Hispánica. _94815 |
|
| 852 |
_aES-MaACL _jL-5112-15 |
||
| 999 |
_c130381 _d130381 |
||